Monitoreo pesquero participativo en la zona del Golfo de Tribugá: (Registro nro. 18931)

Detalles MARC
000 -CABECERA
Campo de control 00460nam a22001577a 4500
005 - FECHA Y HORA DE LA ULTIMA TRANSACCION
Campo de control 20160728165801.0
008 - ELEMENTOS DE LONGITUD FIJA—INFORMACION GENERAL
Campo de control 160728b2014 ck ||||| |||| 00| 0 spa d
040 ## - FUENTE DE CATALOGACIÓN
Agencia catalogadora original CO-BoIAVH
Agencia transcriptora CO-BoIAVH
041 ## - IDIOMA
Código de idioma para texto/pista de sonido o título separado Español
044 ## - PAÍS DE PUBLICACIÓN
País de publicación Colombia
090 ## - CLASIFICACIÓN LOCAL
Colección FG
Consecutivo 0054
245 00 - MENCION DE TITULO
Título Monitoreo pesquero participativo en la zona del Golfo de Tribugá:
Parte restante del título febrero de 2010 - febrero 2014
260 ## - PUBLICACION, DISTRIBUCION, ETC. (PIE DE IMPRENTA)
Lugar de publicación, distribución, etc. :
Nombre del editor, distribuidor, etc. Marviva;
-- Usaid;
-- Incoder;
Fecha de publicación, distribución, etc. 2014.
300 ## - DESCRIPCION FISICA
Extensión plegable
942 ## - ELEMENTOS ADICIONALES (KOHA)
Sistema de clasificación Local
Tipo de ítem Folleto
Existencias
Withdrawn status Lost status Sistema de Clasificación Damaged status No para préstamo Colección Inventariado Ubicación Permanente Ubicación actual Fecha de adquisición Total Checkouts Número topográfico Inventario / Código de Barras Date last seen Date checked out Ejemplar Price effective from Forma de adquisición Tipo de material
    Local     Hemeroteca Inventariado 2017 Bogotá Bogotá 28/07/2016 2 FG-0054 039754 30/01/2020 29/01/2020 Ej. 1 28/07/2016 Donación Folleto